00653npc a2200181Ia 4500001001300000003001000013008004100023040002500064041000700089100001100096240005700107245005700164250001100221260006300232300001100295500014900306650001600455dg101-43103 IT-MiCISF161014s9999||||xx | und|| aIT-MiCISFcIT-MiCISF aen aAA.VV. aReport on the Evolution of the Family in Europe 2006 0aReport on the Evolution of the Family in Europe 2006 a1a ed. a MadridbIPF, Instituto de Politica Familiar, Madridc2006 app. 51 aEuropean Network of Institutes for Family Policies / popolazione, statistica, natalità, nuzialità, divorzio, politica-familiare, famiglia /  apopolazione